000 00303nam a2200121Ia 4500
008 240731s9999 xx 000 0 und d
022 _a2201-4276
245 4 _aThe Australian Library Journal
260 _bRoutledge
856 _uhttps://www.tandfonline.com/loi/ualj20
942 _2ddc
942 _cTFEJ
999 _c79866
_d79866
945 _a1
_bMadushi Gamage
_c1
_dMadushi Gamage